000 00310nam a22001337a 4500
008 171130b xxu||||| |||| 00| 0 eng d
020 _a0805800077
041 _aeng
080 _a32
100 _a19
101 _aPOL
245 _aTELEVISED PRESIDENTAL DEBATES AND PUBLIC POLICY
_cKRAUS.S
942 _2udc
_cBK
999 _c38624
_d38624